00541nam a2200157Ia 4500008004100000020001800041084002300059100002400082245003700106260003100143300002300174650004800197942000700245999001700252952011400269220326s9999||||xx |||||||||||||| ||und|| a979-538-245-4 a10119 SYA Gov Bo.1 aInu Kencana Syafiie 0aBirokrasi Pemerintahan Indonesia aBandungbMandar Majuc2004 aviii + 116 halaman aGovernment (Pemerintahan)eG-O-VyBirokrasi cBK c12683d12683 00104070aPINLbPINL cSHELFd2022-03-26g10.00l0o10119 SYA Gov Bo.1p1011901r2022-03-26w2022-03-26yBK